header

Financial supervisory independence and accountability (Record no. 68604)

MARC details
000 -LEADER
fixed length control field 01480nam a2200349 a 4500
100 1# - MAIN ENTRY--AUTHOR NAME
Personal name Masciandaro, Donato,
245 10 - TITLE STATEMENT
Title Financial supervisory independence and accountability
260 ## - PUBLICATION, DISTRIBUTION, ETC. (IMPRINT)
Place of publication Washington, D.C. :
Name of publisher International Monetary Fund :
-- IMF Institute,
Year of publication 2008.
300 ## - PHYSICAL DESCRIPTION
Number of Pages 34 p. :
Other physical details ill.
490 1# - SERIES STATEMENT
Series statement IMF working paper ;
500 ## - GENERAL NOTE
General note "June 2008."
650 #0 - SUBJECT ADDED ENTRY--TOPICAL TERM
Topical Term Finance
Topical Term Banks and banking, Central
700 1# - ADDED ENTRY--PERSONAL NAME
Personal name Quintyn, Marc.
Personal name Taylor, Michael,
856 40 - ELECTRONIC LOCATION AND ACCESS
Uniform Resource Identifier http://site.ebrary.com/lib/rucke/Doc?id=10302915

No items available.

© 2026 Rongo University
Contact us: librarian | system librarian | Rongo university